Sports Quiz

Random Sports or Baseball Quiz

Nationals/Expos Position Players Since 2001 Quiz Stats

 Plays Quiz not verified by Sporcle

Challenge
Share
Tweet
Embed
Score 0/162 Timer 15:00
0 Plays Today
Position(s) Player % Correct
3BRyan Zimmerman
100%
2BJose Vidro
94.6%
1BNick Johnson
94.6%
OFJayson Werth
94.6%
SSOrlando Cabrera
91.9%
1BAdam LaRoche
91.9%
SSIan Desmond
89.2%
OFBryce Harper
89.2%
CBrandon Harper
89.2%
SSCristian Guzman
86.5%
OFVladimir Guerrero
86.5%
2BDanny Espinosa
86.5%
3BEdwards Guzman
86.5%
2B-OFWilton Guerrero
86.5%
OF-1BBrad Wilkerson
83.8%
CBrian Schneider
83.8%
1B-OFAdam Dunn
75.7%
1BDmitri Young
75.7%
OFAlfonso Soriano
73%
CIvan Rodriguez
73%
OFHenry Rodriguez
73%
OFScott Hairston
70.6%
OF-1BMichael Morse
70.3%
CWilson Ramos
70.3%
OFTerry Jones
70.3%
SS-2BFelipe Lopez
67.6%
CMichael Barrett
67.6%
CJesus Flores
67.6%
OFLastings Milledge
67.6%
2BAnderson Hernandez
67.6%
1BLuis Lopez
67.6%
2B-SS-3BAlberto Gonzalez
64.9%
SSAlex S. Gonzalez
64.9%
OF-SS-2BDamian Jackson
64.9%
CWiki Gonzalez
64.9%
OFPreston Wilson
62.2%
SSJosh Wilson
62.2%
CSandy Martinez
62.2%
OFWillie Harris
59.5%
1BLee Stevens
59.5%
OFNyjer Morgan
59.5%
3B-2B-SSBrendan Harris
59.5%
2BAnthony Rendon
58.8%
OFRoger Bernadina
56.8%
OFRyan Church
56.8%
OFMark Smith
56.8%
OFCorey Brown
56.8%
OFJ.J. Davis
56.8%
OFAustin Kearns
54.1%
2BRonnie Belliard
54.1%
3BVinny Castilla
54.1%
OFWily Mo Pena
54.1%
2BMarlon Anderson
54.1%
OFCliff Floyd
54.1%
Position(s) Player % Correct
OFEury Perez
54.1%
OFDenard Span
52.9%
OFJose Guillen
51.4%
OFTerrmel Sledge
51.4%
1BMatt Stairs
51.4%
OFEndy Chavez
48.6%
OFJosh Willingham
48.6%
OFPeter Bergeron
48.6%
OFTyler Moore
48.6%
1B-3BChad Tracy
48.6%
3BAndy Tracy
48.6%
1B-OFWil Cordero
45.9%
CKurt Suzuki
45.9%
C-1BPaul Lo Duca
45.9%
2B-3B-SSJamey Carroll
43.2%
OFElijah Dukes
43.2%
CWil Nieves
43.2%
OFJuan Rivera
43.2%
OFLaynce Nix
43.2%
OFMilton Bradley
43.2%
3B-OFJerry Hairston Jr.
43.2%
OFBrett Carroll
43.2%
3BTony Batista
40.5%
OFRick Ankiel
40.5%
OF-1BDaryle Ward
40.5%
SSMaicer Izturis
37.8%
2B-SSDeivi Cruz
37.8%
SS-3BCesar Izturis
37.8%
2B-OFSteve Lombardozzi
35.1%
OFMarlon Byrd
35.1%
SSRoyce Clayton
35.1%
1B-3BAaron Boone
35.1%
OFCarl Everett
35.1%
OF-3BMark DeRosa
35.1%
CJohnny Estrada
35.1%
OFGeorge Lombard
35.1%
OFCorey Patterson
35.1%
3BFernando Tatis
32.4%
OFJonny Gomes
32.4%
OFTim Raines
32.4%
CEinar Diaz
29.7%
3BTodd Zeile
29.7%
2BBernie Castro
29.7%
OF-1B-3BTony Blanco
29.7%
OFKenny Kelly
29.7%
OFDavid DeJesus
29.4%
2BAdam Kennedy
27%
OFRyan Langerhans
27%
C-1BMatt LeCroy
27%
OFXavier Nady
24.3%
OFKevin Mench
24.3%
3B-1B-2BCarlos Baerga
21.6%
OFJeffrey Hammonds
21.6%
3B-OFGeoff Blum
18.9%
Position(s) Player % Correct
OFNook Logan
18.9%
1BAndres Galarraga
18.9%
1B-OF-CRobert Fick
16.2%
2BEmilio Bonifacio
16.2%
SS-2BD'Angelo Jimenez
16.2%
CRandy Knorr
16.2%
2BJunior Spivey
16.2%
OFCurtis Pride
16.2%
SS-3B-2BAndy Fox
16.2%
CJhonatan Solano
16.2%
CSandy Leon
16.2%
CGary Bennett
13.5%
3B-SSAlex Cora
13.5%
2B-3B-SSPete Orr
13.5%
3BRyan Minor
13.5%
OFAlex Escobar
13.5%
OFBrandon Watson
13.5%
OFValentino Pascucci
13.5%
CJosh Bard
10.8%
1BChris Marrero
10.8%
1BJeff Liefer
10.8%
OFWilly Taveras
10.8%
OFLou Collier
10.8%
CJamie Burke
10.8%
OFTroy O'Leary
8.1%
OF-3BBrian Bixler
8.1%
OF-1BFernando Seguignol
8.1%
OFRob Ducey
8.1%
CCarlos Maldonado
8.1%
SSZach Walters
5.9%
OF-3BJose Macias
5.4%
OFRon Calloway
5.4%
3B-2BMike Mordecai
5.4%
OFJustin Maxwell
5.4%
1B-OF-3BKory Casto
5.4%
OFRob Mackowiak
5.4%
SSAlex Cintron
5.4%
OFLuis Matos
5.4%
2BRick Short
5.4%
CKeith Osik
5.4%
2BHenry Mateo
2.7%
3BChris Truby
2.7%
CLuke Montz
2.7%
SSTomas De La Rosa
2.7%
OFMatt Cepicky
0%
OF-1BJoe Vitiello
0%
OFChris Snelling
0%
OFMichael Restovich
0%
OFJorge Padilla
0%
3B-SSMelvin Dorta
0%
OFMike Vento
0%
SSJosh Labandeira
0%
OFTyrell Godwin
0%
OFJeff Kobernus
0%

You're not logged in!

Compare scores with friends on all Sporcle quizzes.
Join for Free
OR
Log In

You Might Also Like...

Show Comments

Extras

Top Quizzes Today


Score Distribution

Your Account Isn't Verified!

In order to create a playlist on Sporcle, you need to verify the email address you used during registration. Go to your Sporcle Settings to finish the process.

Report this User

Report this user for behavior that violates our Community Guidelines.

Details: